000 00381 a2200157 4500
003 Nust
005 20230208093119.0
040 _cNust
082 _a954.1,BHU
100 _aBhutto, Zulfikar Ali
_937719
245 _aThe Great Tragedy /
_cZulfikar Ali Bhutto
260 _aPakistan
300 _a107:p
650 _aPakistan Politics 1971
_9108708
942 _2ddc
_cBK
_k954.1,BHU
999 _c187400
_d187400